Economic development of Slovakia in 2002 study prepared on behalf of the Nations Economic Commission for Europe
Salvato in:
| Autore principale: | |
|---|---|
| Natura: | Libro |
| Lingua: | inglese |
| Pubblicazione: |
Bratislava
Institute of Slovak and World Economy Slovak Academy of Sciences
2003
|
| Soggetti: | |
| Tags: |
Nessun Tag, puoi essere il primo ad aggiungerne!!
|
MARC
| LEADER | 00000nam$a2200000$$$4500 | ||
|---|---|---|---|
| 001 | 0001637 | ||
| 005 | 20240313135307.0 | ||
| 020 | |a 80-7144-129-5 | ||
| 041 | 0 | |a eng | |
| 044 | |a SK | ||
| 245 | 1 | 0 | |a Economic development of Slovakia in 2002 |b study prepared on behalf of the Nations Economic Commission for Europe |c Ivan Okáli ... [et al.] |
| 264 | 1 | |a Bratislava |b Institute of Slovak and World Economy Slovak Academy of Sciences |c 2003 | |
| 300 | |a 50 s. | ||
| 610 | 2 | 0 | |a bilancia platobná |
| 610 | 2 | 0 | |a kapitál zahraničný |
| 610 | 2 | 0 | |a legislatíva |
| 610 | 2 | 0 | |a obchod zahraničný |
| 610 | 2 | 0 | |a politika finančná |
| 610 | 2 | 0 | |a politika hospodárska |
| 610 | 2 | 0 | |a politika menová |
| 610 | 2 | 0 | |a produkcia |
| 610 | 2 | 0 | |a produkt domáci hrubý |
| 610 | 2 | 0 | |a prognózy |
| 610 | 2 | 0 | |a trh práce |
| 610 | 2 | 0 | |a výkonnosť ekonomiky |
| 610 | 2 | 0 | |a vývoj cenový |
| 610 | 2 | 0 | |a vývoj hospodársky |
| 610 | 2 | 0 | |a Slovensko |
| 100 | 1 | |a Okáli, Ivan | |